Normal view
MARC view
Entry Personal Name
001 - CONTROL NUMBER
- control field: 6521
003 - CONTROL NUMBER IDENTIFIER
- control field: OSt
005 - DATE AND TIME OF LATEST TRANSACTION
- control field: 20120321154618.0
008 - FIXED-LENGTH DATA ELEMENTS
- fixed length control field: 120321|||a|||||| | ||| d
040 ## - CATALOGING SOURCE
- Original cataloging agency: OSt
- Transcribing agency: OSt
100 ## - HEADING--PERSONAL NAME
- Personal name: Muhammad Zafrullah Khan
- Titles and other words associated with a name: Islam and human rights
- Dates associated with a name: 2007
670 ## - SOURCE DATA FOUND
- Source citation: Work cat.: (OSt): Muhammad Zafrullah Khan Islam and human rights 2007, Islam and human rights, 2007
